000
00346nam a2200157Ia 4500
003
OSt
005
20240312104837.0
008
170523s9999 xx 000 0 und d
020
_a
978-8120352384
040
_c
iimtu meerut
100
_a
SRINIVASAN- R
245
0
_a
INTERNATIONAL MARKETING
260
_b
PHI
260
_c
2002
942
_2
ddc
_c
02
999
_c
1493
_d
1493